000 00688nam a22002537a 4500
003 CHAP
005 20220329134556.0
008 971013s1963 r 00010 d
010 _a22424
011 _a23396
035 _a27492
040 _cCHAP
082 _a912
_bA85
245 _aAtlas Internacional
260 _aMéxico, D.F. :
_bCía Internacional de Publicidad,
_c1963
300 _a224 p.
_b: ilus
590 _aBATCH-UPD
_b10
_c20130110
_lUCH01
_h1114
590 _aCONVERSION
_b10
_c20130109
_lUCH01
_h1313
650 1 4 _aAtlas.
_98256
700 0 _aClute, John W.
_923935
901 _aBK
942 _cLIBRO
949 _a912 A85
_bBC
_cC
_d33724000754891
_eC
_h26101
_i27492
_sb
999 _c22424
_d22424